BIBLIOTECA “JULIO CORTÁZAR”
ESCUELA AGROTÉCNICA “LIBERTADOR GENERAL SAN MARTÍN” - UNR – CASILDA

Logo Escuela Logo UNR

Plantas Utiles al hombre : (Record no. 459)

MARC details
000 -LEADER
campo de control de longitud fija 00668nam#a22002655ar4500
001 - NÚMERO DE CONTROL
campo de control 459
008 - DATOS DE LONGITUD FIJA--INFORMACIÓN GENERAL
campo de control de longitud fija 061117s1956####ag#a###g######001#0#spa#d
080 ## - NÚMERO DE LA CLASIFICACIÓN DECIMAL UNIVERSAL
Número de la Clasificación Decimal Universal 630*3
084 ## - OTRO NÚMERO DE CLASIFICACIÓN
Número de clasificación S31
040 ## - FUENTE DE CATALOGACIÓN
Centro catalogador/agencia de origen AR-ClEAG
Centro/agencia transcriptor AR-ClEAG
005 - FECHA Y HORA DE LA ÚLTIMA TRANSACCIÓN
campo de control 20241107184636.0
003 - IDENTIFICADOR DE NÚMERO DE CONTROL
campo de control AR-ClEAG
100 1# - ENTRADA PRINCIPAL--NOMBRE DE PERSONA
Nombre de persona Schery, Robert W.
245 10 - MENCIÓN DEL TÍTULO
Título Plantas Utiles al hombre :
Resto del título (Botánica económica) /
Mención de responsabilidad, etc. Robert W. Schery.
250 ## - MENCION DE EDICION
Mención de edición 1ª ed.
260 ## - PUBLICACIÓN, DISTRIBUCIÓN, ETC.
Lugar de publicación, distribución, etc. Buenos Aires :
Nombre del editor, distribuidor, etc. Salvat Editores,
Fecha de publicación, distribución, etc. 1956.
300 ## - DESCRIPCIÓN FÍSICA
Extensión 756 p. :
Otras características físicas il. ;
Dimensiones 15 cm.
490 0# - MENCIÓN DE SERIE
Mención de serie Colección Agrícola
653 ## - TÉRMINO DE INDIZACIÓN--NO CONTROLADO
Término no controlado Aceites
653 ## - TÉRMINO DE INDIZACIÓN--NO CONTROLADO
Término no controlado Glúcidos
653 ## - TÉRMINO DE INDIZACIÓN--NO CONTROLADO
Término no controlado Madera
653 ## - TÉRMINO DE INDIZACIÓN--NO CONTROLADO
Término no controlado Vegetales
653 ## - TÉRMINO DE INDIZACIÓN--NO CONTROLADO
Término no controlado Bosques
942 ## - ELEMENTOS DE ENTRADA SECUNDARIOS (KOHA)
Tipo de ítem Koha Libros
980 ## - EQUIVALENCIA O REFERENCIA-CRUZADA-MENCIÓN DE SERIE--NOMBRE DE PERSONA/TÍTULO [LOCAL, CANADÁ]
Enlace 2
Nombre de persona Evangelina Gallicchio
Enlace entre campo y número de secuencia 2
Información miscelánea Evangelina Gallicchio
Holdings
Estatus retirado Estado de pérdida Fuente del sistema de clasificación o colocación Estado de daño No para préstamo Biblioteca de origen Biblioteca actual Ubicación en estantería Fecha de adquisición Número de inventario Total de préstamos Signatura topográfica completa Código de barras Visto por última vez Precio de reemplazo Tipo de ítem Koha
    Clasificación decimal universal     Julio Cortázar Julio Cortázar   07/11/2024 1340   R11 630*3 S31 1 Ej.1 1340 07/11/2024 07/11/2024 Libros

Contacto

Biblioteca Julio Cortázar. Escuela Agrotécnica "Libertador San Martín". Universidad Nacional de Rosario
Dirección: Ov. Lagos 1000 - 2170 Casilda - Santa Fe - Argentina
Tel: (54) (03464) 422226.
Fax: (54) (03464) 427789.
E-Mail: biblio-eac@unr.edu.ar